书目信息 |
| 题名: |
辩证唯物主义历史唯物主义
|
|
| 作者: | 艾思奇 主编 | |
| 分册: | ||
| 出版信息: | 北京 人民出版社 1978 |
|
| 页数: | 353页 | |
| 开本: | 20cm | |
| 丛书名: | ||
| 单 册: | ||
| 中图分类: | B02 | |
| 科图分类: | ||
| 主题词: | 辩证唯物主义 | |
| 电子资源: | ||
| ISBN: | ||
| 000 | 00612nam0 2200229 45 | |
| 001 | 0178004978 | |
| 005 | 20070728101903.01 | |
| 010 | @dCNY0.75 | |
| 091 | @a2001.176 | |
| 100 | @a19950714d1978 emky0chiy0121 ea | |
| 101 | 0 | @achi |
| 102 | @aCN@b110000 | |
| 105 | @ay z 000yy | |
| 200 | 10 | @a辩证唯物主义历史唯物主义@Abian zheng wei wu zhu yi li shi wei wu zhu yi@f艾思奇主编@FAi Si Qi Zhu Bian |
| 205 | @a3版 | |
| 210 | @a北京@c人民出版社@d1978 | |
| 215 | @a353页@d20cm | |
| 606 | 0 | @a辩证唯物主义 |
| 690 | @aB02@v4 | |
| 701 | 0 | @a艾思奇@Aai si qi@4主编 |
| 801 | 0 | @aCN@bNLC@c20070728 |
| 905 | @dB02@e1 | |
| 辩证唯物主义历史唯物主义/艾思奇主编.-3版.-北京:人民出版社,1978 |
| 353页;20cm |
| ISBN :CNY0.75 |
| ● |
| 相关链接 |
|
|
|
|
正题名:辩证唯物主义历史唯物主义
索取号:B02/1
 
预约/预借
| 序号 | 登录号 | 条形码 | 馆藏地/架位号 | 状态 | 备注 |
| 1 | 0032595 | 202264762 | 密集书库/ [索取号:B02/1] | 在馆 | |
| 2 | 0032597 | 001725057 | 密集书库/ [索取号:B02/1] | 在馆 | |
| 3 | 0060722 | 001115233 | 第一借阅区/ [索取号:B02/1] | 在馆 | |
| 4 | 0060723 | 001115242 | 密集书库/ [索取号:B02/1] | 在馆 | |
| 5 | 0060724 | 001724290 | 密集书库/ [索取号:B02/1] | 在馆 | |
| 6 | 0060725 | 001115260 | 第一借阅区/ [索取号:B02/1] | 在馆 | |
| 7 | 0060726 | 001724334 | 密集书库/ [索取号:B02/1] | 在馆 | |
| 8 | 0060727 | 001799281 | 密集书库/ [索取号:B02/1] | 在馆 | |
| 9 | 0060730 | 202225323 | 密集书库/ [索取号:B02/1] | 在馆 | |
| 10 | 0060731 | 001994578 | 密集书库/ [索取号:B02/1] | 在馆 | |
| 11 | 0060732 | 001724691 | 密集书库/ [索取号:B02/1] | 在馆 | |
| 12 | 0060733 | 001724619 | 密集书库/ [索取号:B02/1] | 在馆 | |
| 13 | 0060734 | 001724735 | 密集书库/ [索取号:B02/1] | 在馆 | |
| 14 | 0060735 | 001724575 | 密集书库/ [索取号:B02/1] | 在馆 | |
| 15 | 0060736 | 001724496 | 密集书库/ [索取号:B02/1] | 在馆 | |
| 16 | 0060737 | 001724450 | 密集书库/ [索取号:B02/1] | 在馆 | |
| 17 | 0060738 | 001724414 | 密集书库/ [索取号:B02/1] | 在馆 | |
| 18 | 0060739 | 001724370 | 密集书库/ [索取号:B02/1] | 在馆 | |
| 19 | 0060740 | 001724708 | 密集书库/ [索取号:B02/1] | 在馆 | |
| 20 | 0060741 | 001724744 | 密集书库/ [索取号:B02/1] | 在馆 | |
| 21 | 0448892 | 204488928 | 密集书库/ [索取号:B02/1] | 在馆 | |
| 22 | 0767388 | 207673882 | 密集书库/ [索取号:B02/1] | 在馆 | |
| 23 | 0769828 | 207698286 | 密集书库/ [索取号:B02/1] | 在馆 | |
| 24 | 0786560 | 207865602 | 密集书库/ [索取号:B02/1] | 在馆 |